00473nam a2200181 a 4500001001300000003000900013005001700022008004100039020002200080082001800102100001300120245004100133260003600174300000900210500003500219505002400254700001300278nice12345678IN_TiNIC20260116014615.0050524s2004 newa grp 000 0 eng  a8173042853 c6000a954.0072bJHA aJha, D N aAncient India, in Historical Outline aNew Delhi bManohar Pub. c2004 a215p aincludes index and biblioraphy2 aBibliography, Index1 aJha, D N